Introduction to polymer chemistry / (رقم التسجيلة. 32385)

تفاصيل مارك
000 -الفاتح
حقل البيانات ثابتة الطول 01921cam a22003494a 4500
001 - رقم الضبط
رقم الضبط 17498613
003 - محدد رقم الضبط
رقم الضبط OSt
005 - وقت وتاريخ اخر تعامل مع التسجيلة
رقم الضبط 20150408114155.0
008 - عناصر البيانات ثابتة الطول - معلومات عامة
حقل البيانات ثابتة الطول 121017s2012 flua b 001 0 eng
010 ## - رقم ضبط مكتبة الكونجرس
رقم ضبط مكتبة الكونجرس 2012032428
020 ## - الرقم الدولى المعيارى للكتب
الرقم الدولى المعيارى للكتاب 9781466554948 (hardback)
040 ## - مصدر الفهرسة
وكالة الفهرسة الأصلية DLC
وكالة النسخ DLC
وكالة التعديل DLC
042 ## - رمز التحقق
رمز التحقق pcc
050 00 - رقم طلب مكتبة الكونجرس
رقم التصنيف QD381
رقم المادة .C37 2013
082 00 - رقم تصنيف ديوى العشرى
رقم التصنيف 547.7
رقم الطبعة 23
رقم المادة CCI
084 ## - رقم تصنيف آخر
رقم التصنيف SCI013000
-- TEC021000
-- TEC055000
مصدر الرقم bisacsh
100 1# - المدخل الرئيسى - إسم شخصى
الإسم الشخصى Carraher, Charles E.,
العنوان والكلمات الأخرى المصاحبة للاسم Jr.,
التواريخ المصاحبة للاسم 1941-
9 (RLIN) 40571
245 10 - بيان العنوان
العنوان Introduction to polymer chemistry /
بيان المسئوليه,etc Charles E. Carraher.
250 ## - بيان الطبعة
بيان الطبعة 3rd ed.
260 ## - PUBLICATION, DISTRIBUTION, ETC. (IMPRINT)
مكان الناشر او الموزع Boca Raton, FL :
اسم الناشر او الموزع Taylor & Francis,
تاريخ النشر أو التوزيع c2013.
300 ## - الوصف المادى
التعداد xxiv, 530 p. :
تفاصيل ماديه اخرى للوعاء ill. ;
أبعاد الوعاء 26 cm.
504 ## - تبصرة ببليوجرافية
تبصرة ببليوجرافية,الخ Includes bibliographical references and index.
520 ## - التبصرة الخاصة بالتعليق أو التلخيص
ملخص,الخ "Providing a well-rounded presentation, this book covers the principles and applications of natural, synthetic, inorganic, and organic polymers. Using simple fundamentals, the author shows how the basic principles of one polymer group can be applied to all other groups. Brief case studies illustrate various developments and the societal and scientific contexts in which these changes occurred. This new third edition continues to address environmental concerns and green polymeric materials but also adds new material on health concerns of additives as well as additional information on the use of microbes for monomer synthesis and cracking processes in fuels. Each chapter contains careful updates"--
650 #0 - المدخل الاضافى بالموضوع-مصطلح موضوعى
مصطلح موضوعي أو اسم جغرافي كعنصر مدخل Polymers.
650 #0 - المدخل الاضافى بالموضوع-مصطلح موضوعى
مصطلح موضوعي أو اسم جغرافي كعنصر مدخل Polymerization.
650 #7 - المدخل الاضافى بالموضوع-مصطلح موضوعى
مصطلح موضوعي أو اسم جغرافي كعنصر مدخل SCIENCE / Chemistry / General
مصدر الرأس أو المصطلح bisacsh.
9 (RLIN) 40138
650 #7 - المدخل الاضافى بالموضوع-مصطلح موضوعى
مصطلح موضوعي أو اسم جغرافي كعنصر مدخل TECHNOLOGY & ENGINEERING / Material Science
مصدر الرأس أو المصطلح bisacsh.
9 (RLIN) 40572
650 #7 - المدخل الاضافى بالموضوع-مصطلح موضوعى
مصطلح موضوعي أو اسم جغرافي كعنصر مدخل TECHNOLOGY & ENGINEERING / Textiles & Polymers
مصدر الرأس أو المصطلح bisacsh.
9 (RLIN) 40573
906 ## - عنصر بيانات محلى F, LDF (RLIN)
a 7
b cbc
c orignew
d 1
e ecip
f 20
g y-gencatlg
942 ## - عناصر المدخل الإضافي( كوها)
مصدر التصنيف او مخطط الترفيف Dewey Decimal Classification
Koha [default] item type DVD
المقتنيات
حالة الفقد نموذج السعر الفعال حالة تلف ليس للاعارة رقم الطلب تاريخ الاكتساب الموقع الحالي الفرع الرئيسي Date last seen نوع المادة فى نظام كوها مصدر التصنيف او خطة الترفيف Total Checkouts
  2013-11-18     547.7 CCI 2013-11-18 المكتبة المركزية بالمجمعة (CL) المكتبة المركزية بالمجمعة (CL) 2013-11-18 كتاب Dewey Decimal Classification